Statistics for US States by Water Area

Click here to take the quiz!

General Stats

  • This quiz has been taken 52 times
  • The average score is 13 of 50

Answer Stats

Sq. MilesSq. KilometersState% Correct
94,743 245,383 Alaska
97%
40,175 104,052 Michigan
86%
12,133 31,424 Florida
73%
7,916 20,501 California
65%
7,309 18,930 Minnesota
65%
7,429 19,240 New York
59%
11,339 29,367 Wisconsin
59%
7,365 19,075 Texas
57%
9,174 23,761 Louisiana
51%
4,842 12,542 Washington
51%
4,509 11,678 Hawaii
35%
5,20113,471North Carolina
35%
4,537 11,750 Maine
32%
3,965 10,269 Ohio
32%
2,3916,191Oregon
27%
3,285 8,508 Virginia
27%
2,395 6,202 Illinois
24%
2,754 7,134 Massachusetts
24%
2,727 7,064 Utah
24%
1,912 4,951 Georgia
22%
2,699 6,990 Maryland
22%
511 1,324 Rhode Island
19%
1,960 5,076 South Carolina
19%
701 1,816 Connecticut
16%
1,509 3,907 Mississippi
16%
1,494 3,869 Montana
16%
1,312 3,397 Pennsylvania
16%
1,775 4,597 Alabama
14%
396 1,026 Arizona
14%
593 1,537 Indiana
14%
292 757 New Mexico
14%
1,143 2,961 Arkansas
11%
452 1,170 Colorado
11%
5401,399Delaware
11%
965 2,501 Missouri
11%
397 1,027New Hampshire
11%
1,368 3,544 New Jersey
11%
909 2,355 Tennessee
11%
400 1,035Vermont
11%
192497West Virginia
11%
720 1,864 Wyoming
11%
926 2,398 Idaho
8%
416 1,077 Iowa
8%
921 2,387 Kentucky
8%
1,698 4,397 North Dakota
8%
520 1,346 Kansas
5%
5241,356 Nebraska
5%
791 2,048 Nevada
5%
1,3043,377Oklahoma
5%
1,305 3,379 South Dakota
5%

Score Distribution

Percentile by Number Answered

Percent of People with Each Score

Your Score History

You have not taken this quiz